000 00578nam a2200241 a 4500
001 0001-1283
003 ELIB.Books
008 150630 2010 eng
020 _a0802407439
035 _a(ELIB.Books)0001-1438
092 _a220
_bHen
100 _aHendricks, Howard G.
245 _aLiving by the Book
260 _aChicago
_bMoody Press
_c1991
300 _a349
_c23.5 Cm
500 _aLibrary
650 _aBible
856 _nKBTS: Library
_uKBTS: Elib
942 _2ddc
_cBK
990 _a1
998 _cbat
_e2015-06-30
999 _c11283
_d11283